|
|
|
|
| LEADER |
00000nas a2200000 a 4500 |
| 001 |
ssj0012782 |
| 003 |
WaSeSS |
| 005 |
20200512172242.0 |
| 006 |
m d |
| 007 |
cr n |
| 008 |
000320c19559999njumr pss 0 a0eng c |
| 010 |
|
|
|a 2003214022
|
| 015 |
|
|
|a GBB349505
|2 bnb
|
| 016 |
7 |
|
|a 2020333-0
|2 DE-600
|
| 016 |
7 |
|
|a 013345072
|2 Uk
|
| 022 |
|
|
|a 1547-5905
|l 0001-1541
|y 0001-1541
|
| 035 |
|
|
|a (WaSeSS)ssj0012782
|
| 040 |
|
|
|a EXW
|b eng
|c EXW
|d OCLCQ
|d NSD
|d MUQ
|d OCLCQ
|d OCL
|d IUL
|d OCLCQ
|d IUL
|d EEM
|d OCLCQ
|d UKMGB
|d OCLCQ
|d OCLCF
|d VT2
|d OCLCQ
|d NLE
|d OCLCQ
|d EZC
|d CGU
|d OCLCQ
|d NJT
|d WaSeSS
|
| 042 |
|
|
|a nsdp
|a pcc
|
| 050 |
1 |
4 |
|a TP1
|
| 082 |
1 |
0 |
|a 660
|2 13
|
| 130 |
0 |
|
|a AIChE journal (Online)
|
| 210 |
1 |
|
|a AIChE j.
|b (Online)
|
| 222 |
|
0 |
|a AIChE journal
|b (Online)
|
| 245 |
1 |
0 |
|a AIChE journal
|h [electronic resource].
|
| 246 |
3 |
|
|a American Institute of Chemical Engineers journal
|
| 260 |
|
|
|a [New York] :
|b American Institute of Chemical Engineers,
|c ©1955-
|
| 310 |
|
|
|a Monthly,
|b 1985-
|
| 321 |
|
|
|a Quarterly,
|b 1955-1961
|
| 321 |
|
|
|a Five issues a year,
|b 1962
|
| 321 |
|
|
|a Bimonthly,
|b 1963-1984
|
| 362 |
0 |
|
|a Vol. 1, issue 1 (Mar. 1955)-
|
| 500 |
|
|
|a Published for American Institute of Chemical Engineers by: Hoboken, N.J. : Wiley Subscription Services, Inc., <2005->
|
| 500 |
|
|
|a Title from table of contents screen (Wiley InterScience, viewed: Dec. 13, 2005).
|
| 506 |
|
|
|a License restrictions may limit access.
|
| 538 |
|
|
|a Mode of access: World Wide Web.
|
| 588 |
|
|
|a Latest issue consulted: Vol. 52, issue 1 (Jan. 2006); Wiley InterScience, viewed: Dec. 13, 2005.
|
| 650 |
|
0 |
|a Chemical engineering
|v Periodicals.
|
| 650 |
|
6 |
|a Génie chimique
|v Périodiques.
|
| 650 |
|
7 |
|a Chemical engineering.
|2 fast
|0 (OCoLC)fst00852893
|
| 655 |
|
0 |
|a Electronic journals.
|
| 710 |
2 |
|
|a American Institute of Chemical Engineers.
|
| 776 |
0 |
8 |
|i Print version:
|t AIChE journal
|x 0001-1541
|w (DLC) 57040783
|w (OCoLC)1460435
|
| 853 |
2 |
0 |
|8 1
|a v.
|b issue
|u 12
|v r
|i (year)
|j (month)
|w m
|x 01
|
| 856 |
4 |
0 |
|z Full text available from Research Library: 01/01/1997 to 12/31/2003
|u https://search.proquest.com/publication/7879
|
| 863 |
4 |
1 |
|8 1.1
|a <51>
|b <1>
|i <2005>
|j <01>
|